Tamil Language Book (Record no. 1053037)

MARC details
000 -LEADER
fixed length control field 00464nam a2200193Ia 4500
003 - CONTROL NUMBER IDENTIFIER
control field OSt
005 - DATE AND TIME OF LATEST TRANSACTION
control field 20251023115508.0
008 - FIXED-LENGTH DATA ELEMENTS--GENERAL INFORMATION
fixed length control field 221004b |||||||| |||| 00| 0 eng d
037 ## - SOURCE OF ACQUISITION
Terms of availability TB
040 ## - CATALOGING SOURCE
Original cataloging agency AL
Transcribing agency AL
Language of cataloging TAM
041 ## - LANGUAGE CODE
Source of code TAM
Language code of text/sound track or separate title TAM
084 ## - COLON CLASSIFICATION NUMBER
Item number AL
245 #0 - TITLE STATEMENT
Title Tamil Language Book
260 ## - PUBLICATION, DISTRIBUTION, ETC.
Date of publication, distribution, etc. 1994.
300 ## - PHYSICAL DESCRIPTION
Extent 330p.
365 ## - TRADE PRICE
Price amount 45.00
Currency code INR
942 ## - ADDED ENTRY ELEMENTS (KOHA)
Koha item type Textbook
Source of classification or shelving scheme
Suppress in OPAC No
Holdings
Withdrawn status Lost status Source of classification or shelving scheme Damaged status Not for loan Home library Current library Date acquired Source of acquisition Cost, normal purchase price Inventory number Total Checkouts Barcode Date last seen Price effective from Koha item type
  Missing Colon Classification (CC)     Arts Library Arts Library 2022-10-05 B K House pvt. ltd. 45.00 1813-16 & 17.10.1994   AL1129111 2022-10-05 2022-10-05 Textual
Copyright @ Delhi University Library System